000 00473nam a22001817a 4500
003 KOHA_MİRAKIL
005 20251224165308.0
008 251224b tu ||||| |||| 00| 0 tur d
020 _a9789944757140
040 _aTR-AnABB
_btur
_cTR-AnABB
041 _atur
082 _a712
_bBAH 2011
245 1 0 _aBahçenizin ustası olun /
260 _aİstanbul :
_bYem Yayınevi,
_c2011
300 _a502 sayfa ;
_c23 cm
650 0 4 _aBahçe düzenleme
942 _2ddc
_cBK
999 _c9975
_d9975
900 _bGizem YORULMAZ